Loreto College Library, Kolkata
WEBOPAC (ONLINE PUBLIC ACCESS CATALOGUE)

Five ways of doing qualitative research (Record no. 43800)

MARC details
000 -LEADER
fixed length control field 00794nam a22002057a 4500
005 - DATE AND TIME OF LATEST TRANSACTION
control field 20240626104029.0
008 - FIXED-LENGTH DATA ELEMENTS--GENERAL INFORMATION
fixed length control field 240626b |||||||| |||| 00| 0 eng d
020 ## - ISBN | অাই এস বি এন
ISBN | অাই এস বি এন 9781609181420
PRICE Rs.6146.91
040 ## - CATALOGING SOURCE
Original cataloging agency Loreto College
041 ## - LANGUAGE CODE
Language code English
082 ## - DDC | ডিউই
Classification number | বর্গসংখ্যা 150.7
Book Number | গ্রন্থাঙ্ক WER
100 ## - MAIN ENTRY--PERSONAL NAME | মুখ্য সংলেখ - ব্যাক্তিনাম
Personal name | ব্যাক্তিনাম Wertz,Frederick J.
245 ## - TITLE STATEMENT | অাখ্যা বিবরণী
Title | অাখ্যা Five ways of doing qualitative research
Sub title | উপঅাখ্যা Phenomenological psychology, grounded theory, discourse analysis, narrative research, and intuitive inquiry
Statement of responsibility | লেখকের দায়িত্বের বিবরণ Frederick J.Wertz, Kathy Charmaz, Linda M.McMullen, Ruthellen Josselson, Rosemarie Anderson and Emalinda McSpadden
260 ## - IMPRINT | প্রকাশনা ক্ষেত্র
Place of publication | প্রকাশ স্থান New York
Name of publisher | প্রকাশকের নাম The Guilford Press
Date of publication | প্রকাশ কাল 2011
300 ## - PHYSICAL DESCRIPTION |
Page / Vol. No | পৃষ্ঠা / খন্ড সংখ্যা xiv,434p
Other physical details | অনান্য বাহ্যিক বিবরণ 22cm
504 ## - BIBLIOGRAPHY, ETC. NOTE
Bibliography, etc Includes index
650 ## - SUBJECT ADDED ENTRY--TOPICAL TERM | বিষয় শিরোনাম - মূল বিষয়
Topical term | মূল বিষয় Psychology-Qualitative research
850 ## - HOLDING INSTITUTION
Holding institution LCLIB
Sub Holdings Psychology PG
942 ## - ADDED ENTRY ELEMENTS (KOHA)
Koha item type Books
Holdings
Withdrawn status Lost status Source of classification Damaged status Not for loan Home library Current library Shelving location Date acquired Price Total Checkouts Full call number Accession No. Date last seen Price effective from Koha item type Coded location qualifier
    Dewey Decimal Classification     Loreto College Loreto College PsychologyPG 26/06/2024 6147.00   150.7 WER PG244 47944 26/06/2024 26/06/2024 Books